Loading...
| Visual Arts | 7 | 0 | 1 | 0 | 100 | 10 | 50.14 | 6 | 6 | 44.40 | 64.00 |
| History - European | 5 | 1 | 1 | 1 | 80 | 45 | 67.33 | 3 | 6 | 27.94 | 50.00 |
| Philosophy | 4 | 2 | 0 | 0 | 80 | 43 | 73.67 | 3 | 5 | 24.61 | 40.00 |
| History - American | 2 | 4 | 0 | 1 | 70 | 40 | 77.00 | 2 | 6 | 23.06 | 42.50 |
| Social Science | 2 | 3 | 0 | 1 | 60 | 30 | 69.60 | 3 | 4 | 13.34 | 26.25 |
| Fine Arts - Other Arts | 4 | 1 | 2 | 0 | 60 | 27 | 54.60 | 4 | 4 | 30.12 | 44.00 |
| History - World | 2 | 1 | 0 | 0 | 40 | 24 | 57.67 | 2 | 3 | 17.33 | 28.00 |
| Beliefs | 2 | 0 | 0 | 0 | 30 | 41 | 46.00 | 1 | 2 | 9.53 | 12.86 |
| Science - Biology | 1 | 1 | 0 | 0 | 25 | 47 | 78.00 | 1 | 2 | 7.05 | 14.00 |
| Science - Physics | 1 | 1 | 0 | 1 | 25 | 65 | 96.50 | 2 | 2 | 5.66 | 20.00 |
| Auditory Arts | 1 | 1 | 1 | 1 | 20 | 59 | 97.50 | 1 | 1 | 5.73 | 12.00 |
| History - Ancient | 0 | 2 | 0 | 1 | 20 | 70 | 100.50 | 0 | 2 | 9.21 | 24.00 |
| Literature - American | 1 | 0 | 0 | 0 | 15 | 26 | 26.00 | 1 | 1 | 8.26 | 10.00 |
| Other Academic | 1 | 0 | 0 | 0 | 15 | 61 | 61.00 | 1 | 1 | 15.50 | 33.33 |
| Science - Other | 0 | 1 | 0 | 0 | 10 | 112 | 112.00 | 1 | 1 | 0.43 | 10.00 |
| Current Events | 0 | 1 | 1 | 1 | 5 | 124 | 124.00 | 0 | 1 | 0.27 | 6.67 |
| History - Other | 0 | 1 | 1 | 0 | 5 | 107 | 107.00 | 0 | 0 | 3.66 | 4.00 |